书目信息 |
| 题名: |
测量平差基础
|
|
| 作者: | ;武汉测绘学院大地测量系《测量平差基础》编写组 编 | |
| 分册: | ||
| 出版信息: | 北京 测绘出版社 1978 |
|
| 页数: | 345页 | |
| 开本: | 20cm | |
| 丛书名: | ||
| 单 册: | ||
| 中图分类: | P207 | |
| 科图分类: | ||
| 主题词: | 测量平差 , 测量学--测量学 | |
| 电子资源: | ||
| ISBN: | ||
| 000 | 00810nam0 2200229 45 | |
| 001 | 0178006209 | |
| 005 | 20060820092925.90 | |
| 010 | @dCNY1.10 | |
| 091 | @a15039.新61 | |
| 100 | @a19950726d1978 em y0chiy0121 ea | |
| 101 | 0 | @achi |
| 102 | @aCN@b110000 | |
| 105 | @ay z 000yy | |
| 200 | 10 | @a测量平差基础@Ace liang ping cha ji chu@f武汉测绘学院大地测量系《测量平差基础》编写组编@Fwu han ce hui xue yuan da di ce liang xi《ce liang ping cha ji chu》bian xie zu bian |
| 210 | @a北京@c测绘出版社@d1978 | |
| 215 | @a345页@d20cm | |
| 606 | @a测量平差 | |
| 606 | 0 | @a测量学@a测量学 |
| 690 | @aP207@v3 | |
| 711 | 0 | @a武汉测绘学院大地测量系《测量平差基础》编写组@Awu han ce hui xue yuan da di ce liang xi《ce liang ping cha ji chu》bian xie zu@4编 |
| 801 | 0 | @aCN@bTSSF@c20060820 |
| 905 | @a10447@dP207@e105 | |
| 测量平差基础/武汉测绘学院大地测量系《测量平差基础》编写组编.-北京:测绘出版社,1978 |
| 345页;20cm |
| ISBN :CNY1.10 |
| ● |
| 相关链接 |
|
|
|
|
正题名:测量平差基础
索取号:P207/105
 
预约/预借
| 序号 | 登录号 | 条形码 | 馆藏地/架位号 | 状态 | 备注 |
| 1 | 0000590 | 202238541 | 密集书库/ [索取号:P207/105] | 在馆 | |
| 2 | 0000591 | 001361573 | 第二样本阅览室/ [索取号:P207/105] | 在馆 | |
| 3 | 0000593 | 001361617 | 密集书库/ [索取号:P207/105] | 在馆 | |
| 4 | 0000596 | 202238499 | 密集书库/ [索取号:P207/105] | 在馆 | |
| 5 | 0000597 | 202238480 | 密集书库/ [索取号:P207/105] | 在馆 | |
| 6 | 0000598 | 001361653 | 密集书库/ [索取号:P207/105] | 在馆 | |
| 7 | 0000599 | 202238550 | 密集书库/ [索取号:P207/105] | 在馆 | |
| 8 | 0439199 | 204391997 | 密集书库/ [索取号:P207/105] | 在馆 | |
| 9 | 0439200 | 204392004 | 密集书库/ [索取号:P207/105] | 在馆 | |
| 10 | 0458598 | 204585984 | 密集书库/ [索取号:P207/105] | 在馆 | |
| 11 | 0458599 | 204585993 | 密集书库/ [索取号:P207/105] | 在馆 | |
| 12 | 0464800 | 204648006 | 密集书库/ [索取号:P207/105] | 在馆 | |
| 13 | 0470292 | 204702928 | 密集书库/ [索取号:P207/105] | 在馆 |